000 00726nam a2200265Ia 4500
003 OSt
005 20220918223655.0
006 a|||||r|||| 00| 0
007 ta
008 220917b |||||||| |||| 00| 0 eng d
024 _a224,618
037 _cTextual
040 _aARTS
_cARTS
_beng
041 _2eng
_aeng
082 _aV1.P00<-N14, P5
100 _aCook Chris
245 0 _aRoutledge companion to world history since 1914
260 _aLondon
_bRoutledge
_c2005
300 _ax,582p.
_ccm.
490 _aRoutledge companions to history
650 _aHISTORY
700 _a Stevenson John
942 _hV1.P00<-N14, P5
_cTEXL
_2CC
999 _c279134
_d279134